000 00292nam a2200121 a 4500
001 4140
005 20140414131956.0
008 090218s19uu xx 00 eng d
050 _aTR 595.4
_bG65 2005
100 _aGordon, Sharon
245 _aGuess who spins. Progressive 1.
999 _c112920
_d112920